| 000 | 00509nam a2200145 a 4500 | ||
|---|---|---|---|
| 001 | 000034196 | ||
| 005 | 20200930070846.0 | ||
| 008 | 110927s2005 dr a 000 0 spa d | ||
| 040 |
_aDO-SdBNP _bspa _cBNPHU |
||
| 100 | 1 |
_aGausachs, Josep, _d1889-1959. _957617 |
|
| 245 | 1 | 0 |
_aGausachs íntimo : _bexposicion del 9 de marzo al 23 de abril de 2005 /, / _cJosep Gausachs textos, Javier Aiguabella. |
| 260 |
_aSanto Domingo : _bCentro Cultural de España, _c2005. |
||
| 300 |
_a88 p. : _bil. ; _c26 cm. |
||
| 049 | _aBNPD | ||
| 999 |
_c33687 _d33687 |
||